000
00226nam a22000857a 4500
008
170612b xxu||||| |||| 00| 0 eng d
100
_9
3357
_a
Mohan. A
245
_a
Edgeways multi skill english - 7
260
_a
New Delhi
_b
Parchi
_c
2010
999
_c
6695
_d
6695